A text book of physical chemistry (Record no. 78394)
[ view plain ]
| 000 -LEADER | |
|---|---|
| fixed length control field | 00240nam a22000977a 4500 |
| 008 - FIXED-LENGTH DATA ELEMENTS--GENERAL INFORMATION | |
| fixed length control field | 160530b xxu||||| |||| 00| 0 eng d |
| 082 ## - DEWEY DECIMAL CLASSIFICATION NUMBER | |
| Classification number | 541.3 |
| Item number | K141t |
| 100 ## - MAIN ENTRY--PERSONAL NAME | |
| Personal name | Kapoor, K L |
| 245 ## - TITLE STATEMENT | |
| Title | A text book of physical chemistry |
| 942 ## - ADDED ENTRY ELEMENTS (KOHA) | |
| Source of classification or shelving scheme | Dewey Decimal Classification |
| Koha item type | General Collections |
| Withdrawn status | Lost status | Source of classification or shelving scheme | Damaged status | Not for loan | Home library | Current library | Shelving location | Date acquired | Total Checkouts | Full call number | Barcode | Date last seen | Date last checked out | Price effective from | Koha item type |
|---|---|---|---|---|---|---|---|---|---|---|---|---|---|---|---|
| Dewey Decimal Classification | Tribhuvan University Central Library | Tribhuvan University Central Library | New Building | 05/30/2016 | 2 | 541.3 K141t | 132799 | 10/21/2016 | 10/21/2016 | 05/30/2016 | General Collections |
